000 00978nam a22002651u 4500
001 05520
003 HDC
007 cr bn ---
008 210120p xx fo d 00 engg
040 _aHDC
100 _aDZULKIFLY MAT HASHIM
_9130
245 0 _aWORLD HALAL RESEARCH SUMMIT 23rd - 25th June 2010 Kuala Lumpur Convention Centre :
_bSTEVIA: THE NEXT GENERATION OF SWEETENERS /
_cby DZULKIFLY MAT HASHIM
260 _a[No place] :
_b[publisher not identified],
_c2010
300 _a42 pages :
_bIllustrations
336 _atext
_2rdacontent
337 _acomputer
_2rdamedia
338 _aonline resource
_2rdacarrier
650 _aStevia Market
_95774
650 _aStevia plants
_95772
650 _aSweeteners Industry
_95773
856 _zRequest full-text at [email protected]
942 _2lcc
942 _cSLIDE
942 _kSLID 000427
999 _c2844
_d2844